Welcome to CU Library Online Public Access Catalogue (OPAC)

Electronic Techniques (Record no. 8233)

MARC details
000 -LEADER
fixed length control field 00620nam a22001817a 4500
005 - DATE AND TIME OF LATEST TRANSACTION
control field 20251112170353.0
008 - FIXED-LENGTH DATA ELEMENTS--GENERAL INFORMATION
fixed length control field 251112b |||||||| |||| 00| 0 eng d
020 ## - INTERNATIONAL STANDARD BOOK NUMBER
International Standard Book Number 9780133766585
050 ## - LIBRARY OF CONGRESS CALL NUMBER
Classification number TK7836
Item number .V55
100 ## - MAIN ENTRY--PERSONAL NAME
Personal name Villanucci, Robert S.
245 ## - TITLE STATEMENT
Title Electronic Techniques
Remainder of title shop practices and construction
Statement of responsibility, etc. Robert S. Villanucci, Alexander W. Avtgis & William F. Megow
250 ## - EDITION STATEMENT
Edition statement 5th ed.
260 ## - PUBLICATION, DISTRIBUTION, ETC.
Place of publication, distribution, etc. Englewood Cliffs, New Jersey
Name of publisher, distributor, etc. Prentice-Hall International
Date of publication, distribution, etc. 1996
300 ## - PHYSICAL DESCRIPTION
Extent xxvi. 550p.
Other physical details ill.
Dimensions 27.5cm
700 ## - ADDED ENTRY--PERSONAL NAME
Personal name Avtgis, Alexander W.
700 ## - ADDED ENTRY--PERSONAL NAME
Personal name Megow, William F.
942 ## - ADDED ENTRY ELEMENTS (KOHA)
Source of classification or shelving scheme Library of Congress Classification
Koha item type Books
Edition 5th ed.
Suppress in OPAC No
999 ## -
-- 8233
-- 8233
Holdings
Withdrawn status Lost status Source of classification or shelving scheme Damaged status Not for loan Collection Home library Current library Shelving location Date acquired Total checkouts Full call number Barcode Date last seen Copy number Price effective from Koha item type
    Library of Congress Classification     Non-fiction Science Library (Miotso) Science Library (Miotso) General stacks 11/12/2025   TK7836 .V55 VIL SLM00005796 11/12/2025 1 11/12/2025 Books
© 2023-2024 Copyright: Central University Libraries. All Rights Reserved | Created by: Mahone Tech Office